002170000a220007300045001000023000002450059000233000045000827730016001271 aTumwebaze, Stellah10aCómo iniciar y manejar programas de alfabetización aVol.0, núm.62 (Mayo, 2005), Página 50 tPaso a paso